Normal view
MARC view
Entry Personal Name
001 - CONTROL NUMBER
- control field: 556328
003 - CONTROL NUMBER IDENTIFIER
- control field: OSt
005 - DATE AND TIME OF LATEST TRANSACTION
- control field: 20220930094813.0
008 - FIXED-LENGTH DATA ELEMENTS
- fixed length control field: 220930|| aca||aabn | a|a d
040 ## - CATALOGING SOURCE
- Original cataloging agency: OSt
- Transcribing agency: OSt
100 ## - HEADING--PERSONAL NAME
- Personal name: डॉ. सत्यपाल सिंह, गा
670 ## - SOURCE DATA FOUND
- Source citation: Work cat.: (OSt)887704: भीमाशंकर, पाणिनीय व्याकरण और वाजसनेयि-प्रातिशाख्य में स्वर-सम्बन्धी नियमों का तुलनात्मक अध्ययन, 2013
